[Event "40. Open Ciudad de San Sebastián 2017"]
[Site "San Sebastián ESP"]
[Date "2017.04.08"]
[Round "1.1"]
[White "Sanchez Merino, Christian"]
[Black "Lopez Martinez, Josep Manuel"]
[Result "0-1"]
[WhiteElo "1771"]
[BlackElo "2583"]
[PlyCount "48"]
[EventDate "2017.04.08"]
[EventType "swiss"]
[EventRounds "9"]
[EventCountry "ESP"]
[SourceTitle "Ajedrez en Madrid"]
[Source "lmi"]
[SourceDate "2017.04.08"]

1. e4 c5 2. Nf3 e6 3. d4 cxd4 4. Nxd4 a6 5. Nc3 Qc7 6. Bd3 b5 7. O-O Bb7 8.
Nce2 Nf6 9. Ng3 h5 10. h4 Bc5 11. Nde2 Nc6 12. Bf4 Qb6 13. Nh1 d5 14. Neg3
O-O-O 15. e5 Ng4 16. Qe2 Be7 17. a4 Bxh4 18. axb5 axb5 19. Nf5 g5 20. Be3 Nxe3
21. Nxe3 g4 22. Ra3 Be7 23. Raa1 Rhg8 24. c3 Nxe5 0-1

[Event "40. Open Ciudad de San Sebastián 2017"]
[Site "San Sebastián ESP"]
[Date "2017.04.08"]
[Round "1.3"]
[White "Egana Arruti, Joseba"]
[Black "Stella, Andrea"]
[Result "0-1"]
[WhiteElo "1758"]
[BlackElo "2500"]
[PlyCount "144"]
[EventDate "2017.04.08"]
[EventType "swiss"]
[EventRounds "9"]
[EventCountry "ESP"]
[SourceTitle "Ajedrez en Madrid"]
[Source "lmi"]
[SourceDate "2017.04.08"]

1. e4 e6 2. d4 d5 3. Nd2 c5 4. exd5 exd5 5. Ngf3 Nc6 6. dxc5 Bxc5 7. Nb3 Bb6 8.
Be2 Nf6 9. O-O O-O 10. c3 Re8 11. Nbd4 Qe7 12. Re1 Bg4 13. Be3 Ne4 14. h3 Bd7
15. Qb3 Be6 16. Bd3 Nc5 17. Qc2 h6 18. Rad1 Qf6 19. Nxc6 Nxd3 20. Qxd3 bxc6 21.
Bd4 Qd8 22. Ne5 c5 23. Be3 Rc8 24. Bf4 d4 25. Qg3 Qf6 26. cxd4 cxd4 27. Rc1
Bxa2 28. Nd7 Rxe1+ 29. Rxe1 Qg6 30. Qxg6 fxg6 31. Nxb6 axb6 32. Rd1 Rd8 33. Bc7
Rd7 34. Bxb6 d3 35. Rd2 Bb3 36. Ba5 Kf7 37. f3 Ke6 38. Kf2 Bc2 39. Ke3 Kd5 40.
Rf2 Kc4 41. Kd2 Re7 42. Bc3 Ba4 43. g3 Bb5 44. f4 Bd7 45. g4 h5 46. f5 hxg4 47.
hxg4 gxf5 48. gxf5 Bb5 49. f6 gxf6 50. Bxf6 Rh7 51. Bc3 Kb3 52. Ke3 Rh1 53. Rf4
Kc2 54. Rf2+ Kc1 55. Rd2 Re1+ 56. Kf2 Re7 57. Kg3 Rd7 58. Kf3 Ba4 59. Rh2 Re7
60. Rh1+ Bd1+ 61. Kf4 Kc2 62. Rh2+ Be2 63. Kg3 Re8 64. Kf2 d2 65. Bxd2 Kxd2 66.
b4 Rf8+ 67. Kg3 Ke3 68. Rh6 Rg8+ 69. Kh4 Bd3 70. Re6+ Kf4 71. Rf6+ Bf5 72. Rh6
Rg1 0-1

[Event "40. Open Ciudad de San Sebastián 2017"]
[Site "San Sebastián ESP"]
[Date "2017.04.08"]
[Round "1.4"]
[White "Gascon Del Nogal, Jose Rafael"]
[Black "Lertxundi Azpiazu, Jon"]
[Result "1-0"]
[WhiteElo "2489"]
[BlackElo "1747"]
[PlyCount "43"]
[EventDate "2017.04.08"]
[EventType "swiss"]
[EventRounds "9"]
[EventCountry "ESP"]
[SourceTitle "Ajedrez en Madrid"]
[Source "lmi"]
[SourceDate "2017.04.08"]

1. e4 c6 2. Ne2 d5 3. e5 Bf5 4. Ng3 Bg6 5. h4 h6 6. h5 Bh7 7. e6 fxe6 8. d4 Qc7
9. f4 c5 10. Nc3 a6 11. dxc5 Nd7 12. Bd3 Nxc5 13. Bxh7 Rxh7 14. Be3 O-O-O 15.
O-O Kb8 16. Qd4 Nd7 17. Qa7+ Kc8 18. Na4 Qb8 19. Qd4 Ngf6 20. c4 e5 21. fxe5
Qxe5 22. Nb6+ 1-0

[Event "40. Open Ciudad de San Sebastián 2017"]
[Site "San Sebastián ESP"]
[Date "2017.04.08"]
[Round "1.5"]
[White "Rodriguez Nieto, Miguel Angel"]
[Black "Panelo, Marcelo"]
[Result "0-1"]
[WhiteElo "1738"]
[BlackElo "2373"]
[PlyCount "68"]
[EventDate "2017.04.08"]
[EventType "swiss"]
[EventRounds "9"]
[EventCountry "ESP"]
[SourceTitle "Ajedrez en Madrid"]
[Source "lmi"]
[SourceDate "2017.04.08"]

1. Nf3 Nf6 2. b3 g6 3. Bb2 Bg7 4. d3 O-O 5. g3 d5 6. Bg2 c5 7. O-O d4 8. Nbd2
Nc6 9. a3 a5 10. Ra2 e5 11. Qa1 Be6 12. Re1 a4 13. Ng5 Bd7 14. Nc4 Qc7 15. Nd2
h6 16. Nge4 Nxe4 17. Nxe4 b6 18. Bc1 Be6 19. Rb2 axb3 20. cxb3 Ra6 21. a4 Nb4
22. f4 f5 23. Nf2 exf4 24. Bxf4 Qf7 25. Qc1 Kh7 26. Qb1 Nd5 27. Nd1 Nc3 28. Qc2
Bd5 29. e4 fxe4 30. dxe4 Be6 31. Rf1 Qd7 32. Qd3 Ra7 33. Bd2 Rxf1+ 34. Kxf1
Nxd1 0-1

[Event "40. Open Ciudad de San Sebastián 2017"]
[Site "San Sebastián ESP"]
[Date "2017.04.08"]
[Round "1.6"]
[White "Del Rey, Diego"]
[Black "Otaegi Urretabizkaia, Cayetano"]
[Result "0-1"]
[WhiteElo "2356"]
[BlackElo "1722"]
[PlyCount "74"]
[EventDate "2017.04.08"]
[EventType "swiss"]
[EventRounds "9"]
[EventCountry "ESP"]
[SourceTitle "Ajedrez en Madrid"]
[Source "lmi"]
[SourceDate "2017.04.08"]

1. e4 c5 2. c3 d5 3. exd5 Qxd5 4. Nf3 Bg4 5. Be2 e5 6. Qa4+ Bd7 7. Qc4 Qxc4 8.
Bxc4 Bd6 9. d4 exd4 10. cxd4 Nf6 11. Nc3 O-O 12. O-O cxd4 13. Nxd4 Nc6 14. Nxc6
Bxc6 15. Bg5 Ng4 16. h3 Ne5 17. Bb5 h6 18. Bxc6 Nxc6 19. Be3 f5 20. Rad1 Rad8
21. Nb5 Bb8 22. Bc5 Rfe8 23. Nc3 b6 24. Be3 Be5 25. Rxd8 Rxd8 26. Rd1 Rxd1+ 27.
Nxd1 Kf7 28. Bd2 Ke6 29. Bc3 Nd4 30. Kf1 f4 31. Ke1 f3 32. g3 Kd5 33. Ne3+ Ke4
34. Kd2 h5 35. h4 g6 36. Nc2 Nxc2 37. Kxc2 Bxg3 0-1

[Event "40. Open Ciudad de San Sebastián 2017"]
[Site "San Sebastián ESP"]
[Date "2017.04.08"]
[Round "1.7"]
[White "Arrondo Carbonell, Pablo"]
[Black "Becerra, Juan David"]
[Result "1-0"]
[WhiteElo "1706"]
[BlackElo "2341"]
[PlyCount "45"]
[EventDate "2017.04.08"]
[EventType "swiss"]
[EventRounds "9"]
[EventCountry "ESP"]
[SourceTitle "Ajedrez en Madrid"]
[Source "lmi"]
[SourceDate "2017.04.08"]

1. d4 d5 2. c4 Nf6 3. cxd5 Nxd5 4. e4 Nb6 5. Nc3 e6 6. Nf3 Nc6 7. Be3 Bd7 8.
Bd3 Bb4 9. O-O O-O 10. a3 Be7 11. b4 a6 12. Rc1 Re8 13. Qc2 Rc8 14. Rfd1 Bf6
15. e5 Be7 16. Bxh7+ Kf8 17. d5 exd5 18. Nxd5 Nb8 19. Nxe7 Rxe7 20. Bc5 Qe8 21.
Qe4 Bc6 22. Qh4 N8d7 23. Bf5 1-0

[Event "40. Open Ciudad de San Sebastián 2017"]
[Site "San Sebastián ESP"]
[Date "2017.04.08"]
[Round "1.8"]
[White "Jauregi Barandiaran, Jon"]
[Black "Radnai, Adam"]
[Result "*"]
[WhiteElo "1703"]
[BlackElo "2224"]
[PlyCount "28"]
[EventDate "2017.04.08"]
[EventType "swiss"]
[EventRounds "9"]
[EventCountry "ESP"]
[SourceTitle "Ajedrez en Madrid"]
[Source "lmi"]
[SourceDate "2017.04.08"]

1. e4 Nf6 2. Nf3 g6 3. b3 Bg7 4. Bb2 O-O 5. d3 d5 6. g3 c5 7. Bg2 d4 8. O-O Nc6
9. Nbd2 a5 10. a3 e5 11. Ra2 Be6 12. Qa1 a4 13. Re1 Bd7 14. Ng5 Qc7 *

[Event "40. Open Ciudad de San Sebastián 2017"]
[Site "San Sebastián ESP"]
[Date "2017.04.08"]
[Round "1.9"]
[White "Guijarro Galan, Jose Luis"]
[Black "San Jose Madinabeitia, Iban"]
[Result "1-0"]
[WhiteElo "2218"]
[BlackElo "1696"]
[PlyCount "91"]
[EventDate "2017.04.08"]
[EventType "swiss"]
[EventRounds "9"]
[EventCountry "ESP"]
[SourceTitle "Ajedrez en Madrid"]
[Source "lmi"]
[SourceDate "2017.04.08"]

1. e4 c6 2. d4 d5 3. e5 Bf5 4. Nf3 h6 5. Be2 e6 6. O-O Nd7 7. Be3 Bb4 8. a3 Ba5
9. b4 Bb6 10. c4 Ne7 11. c5 Bc7 12. Nc3 O-O 13. Nh4 Bh7 14. f4 Nf5 15. Nxf5
Bxf5 16. g4 Be4 17. Nxe4 dxe4 18. Qc2 f5 19. Qc4 Qe7 20. gxf5 Rxf5 21. Bg4 g6
22. Bxf5 gxf5 23. Kh1 Kh7 24. Rg1 Nf8 25. Rg3 Ng6 26. Rag1 Rg8 27. b5 Bd8 28.
Qa4 cxb5 29. Qxb5 a6 30. Qe2 Qh4 31. Qg2 Qh5 32. Qa2 Bh4 33. R3g2 Qf3 34. Qe2
Ne7 35. Qxf3 exf3 36. Rxg8 Nxg8 37. Rb1 Ne7 38. Rxb7 Kg6 39. Bf2 Bxf2 40. Rxe7
Bxd4 41. Rxe6+ Kh5 42. c6 Bb6 43. Re7 Kg4 44. c7 Bxc7 45. Rxc7 Kh3 46. Kg1 1-0

[Event "40. Open Ciudad de San Sebastián 2017"]
[Site "San Sebastián ESP"]
[Date "2017.04.08"]
[Round "1.10"]
[White "Navascues Zabaleta, Jesus"]
[Black "Srienz, Christian"]
[Result "0-1"]
[WhiteElo "1688"]
[BlackElo "2196"]
[PlyCount "40"]
[EventDate "2017.04.08"]
[EventType "swiss"]
[EventRounds "9"]
[EventCountry "ESP"]
[SourceTitle "Ajedrez en Madrid"]
[Source "lmi"]
[SourceDate "2017.04.08"]

1. e4 c6 2. d4 d5 3. exd5 cxd5 4. Nf3 Nc6 5. Bf4 Bg4 6. c3 Nf6 7. h3 Bh5 8.
Nbd2 e6 9. Bb5 Bd6 10. Bxd6 Qxd6 11. Qc2 O-O 12. O-O Rfc8 13. Bxc6 Bg6 14. Qb3
bxc6 15. Ne5 Rab8 16. Qa4 Rxb2 17. Nxg6 hxg6 18. Nb3 Ne4 19. Rac1 Qf4 20. Qxa7
Nxf2 0-1

[Event "40. Open Ciudad de San Sebastián 2017"]
[Site "San Sebastián ESP"]
[Date "2017.04.08"]
[Round "1.12"]
[White "Espin Laborde, Jesus Maria"]
[Black "Perez Pacheco, Ricardo"]
[Result "0-1"]
[WhiteElo "1671"]
[BlackElo "2192"]
[PlyCount "64"]
[EventDate "2017.04.08"]
[EventType "swiss"]
[EventRounds "9"]
[EventCountry "ESP"]
[SourceTitle "Ajedrez en Madrid"]
[Source "lmi"]
[SourceDate "2017.04.08"]

1. e4 c5 2. Nf3 Nc6 3. d4 cxd4 4. Nxd4 Nf6 5. Nc3 d6 6. Be3 Ng4 7. Nxc6 bxc6 8.
Bc1 Qb6 9. Qd2 g6 10. h3 Nf6 11. Qe3 Bg7 12. Qxb6 axb6 13. Bd3 b5 14. O-O O-O
15. Bd2 Nd7 16. Nd1 Ne5 17. Bc3 Be6 18. a3 Rfb8 19. Ne3 Nxd3 20. Bxg7 Nxf2 21.
Kxf2 Kxg7 22. c3 c5 23. Nd5 Rb7 24. Nf4 Bd7 25. Nd3 f6 26. Rfe1 Bc6 27. Rac1
Ra4 28. b4 c4 29. Nf4 Kf7 30. Ke3 Rxa3 31. Rf1 Ra2 32. Ne2 Bxe4 0-1

[Event "40. Open Ciudad de San Sebastián 2017"]
[Site "San Sebastián ESP"]
[Date "2017.04.09"]
[Round "2.1"]
[White "Lopez Martinez, Josep Manuel"]
[Black "Torres Novalbos, David"]
[Result "1-0"]
[WhiteElo "2583"]
[BlackElo "2020"]
[PlyCount "61"]
[EventDate "2017.04.08"]
[EventType "swiss"]
[EventRounds "9"]
[EventCountry "ESP"]
[SourceTitle "Ajedrez en Madrid"]
[Source "lmi"]
[SourceDate "2017.04.08"]

1. e4 d5 2. exd5 Qxd5 3. Nc3 Qd6 4. d4 Nf6 5. Nf3 c6 6. g3 Bf5 7. Bg2 e6 8. O-O
Be7 9. Qe2 O-O 10. Na4 Na6 11. c4 Nb4 12. Bf4 Qd8 13. Qd2 b5 14. Nc5 Nc2 15.
Rac1 Nxd4 16. Qxd4 Qxd4 17. Nxd4 Bxc5 18. Nxf5 exf5 19. cxb5 Bd4 20. Bxc6 Rad8
21. Rc2 Nd5 22. Bxd5 Rxd5 23. Rd2 Rdd8 24. Rfd1 Bb6 25. Rxd8 Bxd8 26. Be3 Bb6
27. Rd7 Rb8 28. a4 Kf8 29. Rxa7 Bxa7 30. Bxa7 Rb7 31. b6 1-0

[Event "40. Open Ciudad de San Sebastián 2017"]
[Site "San Sebastián ESP"]
[Date "2017.04.09"]
[Round "2.2"]
[White "Moreno Estebanez, Patxi"]
[Black "Narciso Dublan, Marc"]
[Result "0-1"]
[WhiteElo "2028"]
[BlackElo "2508"]
[PlyCount "64"]
[EventDate "2017.04.08"]
[EventType "swiss"]
[EventRounds "9"]
[EventCountry "ESP"]
[SourceTitle "Ajedrez en Madrid"]
[Source "lmi"]
[SourceDate "2017.04.08"]

1. e4 e6 2. d4 d5 3. Nd2 c5 4. exd5 Qxd5 5. dxc5 Qxc5 6. Ngf3 Nf6 7. Bd3 Nbd7
8. O-O Qc7 9. Qe2 Be7 10. Nb3 O-O 11. Bg5 b6 12. Rfe1 Bb7 13. c3 Rfe8 14. Rad1
Rad8 15. Nbd4 Nc5 16. Bb5 Rf8 17. Ne5 Nce4 18. Bxf6 Bxf6 19. Nec6 Bxd4 20. Nxd4
Nf6 21. Qe5 Qc8 22. Qe2 Rd5 23. Bd3 Rfd8 24. Nf3 g6 25. Bc2 Kg7 26. Rxd5 Bxd5
27. Rd1 Bxa2 28. Rxd8 Qxd8 29. Qa6 Bd5 30. Nd4 e5 31. Nb5 Be4 32. Na3 Bxc2 0-1

[Event "40. Open Ciudad de San Sebastián 2017"]
[Site "San Sebastián ESP"]
[Date "2017.04.09"]
[Round "2.3"]
[White "Stella, Andrea"]
[Black "Juez Villar, Erik"]
[Result "*"]
[WhiteElo "2500"]
[BlackElo "1970"]
[PlyCount "146"]
[EventDate "2017.04.08"]
[EventType "swiss"]
[EventRounds "9"]
[EventCountry "ESP"]
[SourceTitle "Ajedrez en Madrid"]
[Source "lmi"]
[SourceDate "2017.04.08"]

1. Nf3 Nf6 2. c4 e6 3. g3 b6 4. Bg2 Bb7 5. O-O Be7 6. d4 O-O 7. Re1 Bb4 8. Bd2
a5 9. Nc3 Bxc3 10. Bxc3 Ne4 11. Qc2 Nxc3 12. Qxc3 Be4 13. Bh3 c5 14. Rad1 Nc6
15. d5 exd5 16. cxd5 Bxf3 17. Qxf3 Nd4 18. Qd3 Qf6 19. Bg2 d6 20. Be4 Rfe8 21.
Bxh7+ Kf8 22. Be4 Qe5 23. Bg2 g6 24. e3 Nf5 25. Qc3 b5 26. Bh3 Qxc3 27. bxc3 b4
28. e4 Ng7 29. Bd7 Re7 30. Bc6 Rb8 31. c4 g5 32. Kg2 Nh5 33. Rd2 f6 34. Rde2
Rh7 35. Rh1 Ke7 36. Ree1 Rbh8 37. Ba4 Ng7 38. Bc2 Rh6 39. Ref1 Rg8 40. Kf3 Ne8
41. Kg4 Nc7 42. Ba4 Na8 43. Bb5 Nb6 44. f4 gxf4+ 45. Kxf4 Rh3 46. Kf3 Rg5 47.
Kg2 Rgh5 48. Rf4 a4 49. Rf2 a3 50. Rf4 Kf7 51. g4 R5h4 52. Rf2 Ke7 53. Rf4 Kf7
54. Rf2 Ke7 55. Rf3 Rxf3 56. Kxf3 Rh3+ 57. Kf4 Kf7 58. g5 Rh4+ 59. Kf5 Rh5 60.
h4 fxg5 61. Rf1 Kg7 62. hxg5 Rh2 63. Ra1 Re2 64. Ke6 Rxe4+ 65. Kxd6 Nxc4+ 66.
Kxc5 Ne3 67. Rb1 Re5 68. Bc4 Rxg5 69. Rxb4 Nxc4 70. Kxc4 Rg2 71. Kb3 Rd2 72.
Kxa3 Rxd5 73. Rf4 Rd8 *

[Event "40. Open Ciudad de San Sebastián 2017"]
[Site "San Sebastián ESP"]
[Date "2017.04.09"]
[Round "2.4"]
[White "Segura Del Frago, Imanol"]
[Black "Gascon Del Nogal, Jose Rafael"]
[Result "0-1"]
[WhiteElo "1956"]
[BlackElo "2489"]
[PlyCount "58"]
[EventDate "2017.04.08"]
[EventType "swiss"]
[EventRounds "9"]
[EventCountry "ESP"]
[SourceTitle "Ajedrez en Madrid"]
[Source "lmi"]
[SourceDate "2017.04.08"]

1. e4 c5 2. Nf3 a6 3. Nc3 b5 4. g3 Bb7 5. Bg2 b4 6. Na4 Qa5 7. b3 Bxe4 8. O-O
Nf6 9. Re1 Bc6 10. a3 bxa3 11. Bxa3 d6 12. d4 e6 13. c4 Be7 14. d5 exd5 15.
cxd5 Bxd5 16. Ng5 Bxg2 17. Kxg2 Qc7 18. Nxc5 dxc5 19. Bxc5 Qxc5 20. Rc1 Qf5 21.
Qd6 O-O 22. Rxe7 Qxg5 23. Rc5 Qg4 24. Rc4 Qg6 25. Rcc7 Nbd7 26. h4 Rfe8 27. h5
Qxh5 28. Qc6 Rxe7 29. Qxa8+ Re8 0-1

[Event "40. Open Ciudad de San Sebastián 2017"]
[Site "San Sebastián ESP"]
[Date "2017.04.09"]
[Round "2.5"]
[White "Panelo, Marcelo"]
[Black "Jordana Vargas, Julio"]
[Result "*"]
[WhiteElo "2373"]
[BlackElo "1957"]
[PlyCount "77"]
[EventDate "2017.04.08"]
[EventType "swiss"]
[EventRounds "9"]
[EventCountry "ESP"]
[SourceTitle "Ajedrez en Madrid"]
[Source "lmi"]
[SourceDate "2017.04.08"]

1. d4 Nf6 2. Nf3 d5 3. c4 e6 4. g3 Be7 5. Bg2 O-O 6. O-O b6 7. cxd5 exd5 8. Nc3
Bb7 9. Bf4 Nbd7 10. Ne5 c5 11. e3 Re8 12. Qc2 cxd4 13. exd4 Rc8 14. Qa4 Nxe5
15. dxe5 Bc6 16. Qb3 Nd7 17. Nxd5 g5 18. e6 fxe6 19. Nxe7+ Qxe7 20. Bxc6 Rxc6
21. Bd2 Rec8 22. Rae1 h6 23. Bc3 Rc4 24. Qc2 Nf8 25. Qe2 R8c5 26. Qh5 Kh7 27.
Qf3 Kg8 28. Re3 Qf7 29. Qe2 Rc6 30. Rd1 Rc8 31. Red3 Qf5 32. Rf3 Qe4 33. Re3
Qf5 34. Qh5 Qg4 35. Qxg4 Rxg4 36. b3 Re4 37. Rxe4 Rxc3 38. Rd8 Rc7 39. Rxe6 *

[Event "40. Open Ciudad de San Sebastián 2017"]
[Site "San Sebastián ESP"]
[Date "2017.04.09"]
[Round "2.6"]
[White "Garrido Fernandez, David"]
[Black "Del Rey, Diego"]
[Result "*"]
[WhiteElo "1927"]
[BlackElo "2356"]
[PlyCount "114"]
[EventDate "2017.04.08"]
[EventType "swiss"]
[EventRounds "9"]
[EventCountry "ESP"]
[SourceTitle "Ajedrez en Madrid"]
[Source "lmi"]
[SourceDate "2017.04.08"]

1. e4 c5 2. Nc3 a6 3. g3 b5 4. Bg2 Bb7 5. d3 e6 6. Be3 Nf6 7. f4 Qc7 8. Nf3 d5
9. exd5 Nxd5 10. Nxd5 Bxd5 11. O-O Be7 12. Qe2 Nd7 13. c4 bxc4 14. dxc4 Bc6 15.
Bd2 O-O 16. Bc3 Bf6 17. Bxf6 Nxf6 18. Ne5 Bxg2 19. Qxg2 Rad8 20. Rad1 h5 21.
Qc6 Qa7 22. Rfe1 Rc8 23. Qf3 Qb6 24. b3 Rcd8 25. Nc6 Qb7 26. Kg2 Rc8 27. Ne5
Qc7 28. Rd2 Rcd8 29. Red1 Rxd2+ 30. Rxd2 Qa5 31. Qd3 Rc8 32. Kh3 Qb4 33. Re2
Qa3 34. Qe3 Rc7 35. Qd3 Rc8 36. Qe3 Re8 37. Qd2 a5 38. Nc6 a4 39. Qb2 Qxb2 40.
Rxb2 a3 41. Rc2 Ne4 42. Na7 f5 43. Nb5 Ra8 44. Nc7 Rd8 45. Nb5 Kf7 46. Nxa3 g5
47. fxg5 Nxg5+ 48. Kg2 h4 49. gxh4 Ne4 50. Nb5 Rd1 51. Nc7 Kf6 52. Kf3 Rd3+ 53.
Kg2 f4 54. h5 f3+ 55. Kh3 Rd7 56. Nb5 f2 57. Kg2 Rg7+ *

[Event "40. Open Ciudad de San Sebastián 2017"]
[Site "San Sebastián ESP"]
[Date "2017.04.09"]
[Round "2.7"]
[White "Becerra, Juan David"]
[Black "Nogues Fernandez, Ramon"]
[Result "1-0"]
[WhiteElo "2341"]
[BlackElo "1922"]
[PlyCount "95"]
[EventDate "2017.04.08"]
[EventType "swiss"]
[EventRounds "9"]
[EventCountry "ESP"]
[SourceTitle "Ajedrez en Madrid"]
[Source "lmi"]
[SourceDate "2017.04.08"]

1. e4 e5 2. Nf3 Nc6 3. Bb5 f5 4. d3 fxe4 5. dxe4 Nf6 6. O-O Bc5 7. Bc4 Qe7 8.
Nc3 Na5 9. Nd5 Nxd5 10. Bxd5 c6 11. Bg5 Qd6 12. Bb3 Nxb3 13. axb3 O-O 14. Qxd6
Bxd6 15. Rad1 Bc7 16. Be7 Re8 17. Bd6 Bxd6 18. Rxd6 b6 19. Rfd1 Re7 20. h4 c5
21. c3 Bb7 22. Rxd7 Rxd7 23. Rxd7 Bxe4 24. Nxe5 Bc2 25. b4 cxb4 26. cxb4 Bf5
27. Rc7 Be4 28. h5 Re8 29. Nc4 Ra8 30. Nd6 Bd3 31. Nc8 b5 32. Nxa7 Re8 33. Nc6
Re1+ 34. Kh2 Re2 35. Kg3 h6 36. Ne7+ Kh7 37. Nd5 Re6 38. Nf4 Rd6 39. Rc5 Bf1
40. Rc8 Bd3 41. Rb8 Bc4 42. Ng6 Bg8 43. Rxb5 Rd2 44. f4 Rxb2 45. f5 Bf7 46. Rb8
Bg8 47. f6 Rb3+ 48. Kh2 1-0

[Event "40. Open Ciudad de San Sebastián 2017"]
[Site "San Sebastián ESP"]
[Date "2017.04.09"]
[Round "2.8"]
[White "Vicente Ezeiza, Mikel"]
[Black "Prieto Aranguren, Alain"]
[Result "*"]
[WhiteElo "1921"]
[BlackElo "2224"]
[PlyCount "86"]
[EventDate "2017.04.08"]
[EventType "swiss"]
[EventRounds "9"]
[EventCountry "ESP"]
[SourceTitle "Ajedrez en Madrid"]
[Source "lmi"]
[SourceDate "2017.04.08"]

1. f4 Nf6 2. Nf3 g6 3. g3 Bg7 4. Bg2 O-O 5. O-O d5 6. d3 c5 7. e3 Nc6 8. c4 e6
9. Nc3 d4 10. exd4 cxd4 11. Ne2 Rb8 12. Qa4 a6 13. c5 Qe7 14. Qc4 Nd7 15. b4 e5
16. Re1 exf4 17. Bxf4 Nde5 18. Nxe5 Nxe5 19. Qc2 Rd8 20. Kh1 Bf5 21. Rad1 Qd7
22. Ng1 Re8 23. Nf3 Nxf3 24. Bxf3 Rbc8 25. Rxe8+ Rxe8 26. Qg2 Bh3 27. Qf2 Qb5
28. Qd2 Bd7 29. a4 Qxa4 30. Bxb7 Qb5 31. Bg2 Bg4 32. Re1 Rxe1+ 33. Qxe1 Qxd3
34. h3 Be6 35. Qf1 Qa3 36. c6 d3 37. Be4 Bd4 38. Qxd3 Qa1+ 39. Qb1 Bd5 40. Kh2
Bxe4 41. Qxa1 Bxa1 42. c7 Bb7 43. Kg1 f6 *

[Event "40. Open Ciudad de San Sebastián 2017"]
[Site "San Sebastián ESP"]
[Date "2017.04.09"]
[Round "2.9"]
[White "Lopez Mijail, Nicolas"]
[Black "Guijarro Galan, Jose Luis"]
[Result "*"]
[WhiteElo "1915"]
[BlackElo "2218"]
[PlyCount "112"]
[EventDate "2017.04.08"]
[EventType "swiss"]
[EventRounds "9"]
[EventCountry "ESP"]
[SourceTitle "Ajedrez en Madrid"]
[Source "lmi"]
[SourceDate "2017.04.08"]

1. e4 e5 2. Nf3 d5 3. exd5 e4 4. Qe2 Nf6 5. Nc3 Be7 6. Ng5 O-O 7. Ncxe4 Nxe4 8.
Nxe4 Re8 9. Qf3 Qxd5 10. Be2 Qc6 11. Nc3 Qg6 12. O-O Nc6 13. Bd3 Ne5 14. Bxg6
Nxf3+ 15. gxf3 fxg6 16. Re1 Bd7 17. d4 Bb4 18. Bd2 Bxc3 19. Bxc3 Bc6 20. Kg2
Rf8 21. Re3 g5 22. Kg3 Rf5 23. Rd1 Raf8 24. d5 Bxd5 25. Rxd5 Rxd5 26. Re7 Rfd8
27. Rxg7+ Kf8 28. Rxc7 R8d7 29. Rc8+ Kf7 30. Rh8 Kg6 31. Rg8+ Kh5 32. f4 h6 33.
Rf8 gxf4+ 34. Kxf4 Rc7 35. Rf5+ Rxf5+ 36. Kxf5 b5 37. a3 a5 38. f4 Rc5+ 39. Ke6
Kg4 40. Bxa5 Rxc2 41. Bc3 Kxf4 42. Kd5 Rg2 43. Kc6 Rxh2 44. Kxb5 Re2 45. a4 h5
46. a5 h4 47. a6 h3 48. a7 Re8 49. Ba5 Ke4 50. Bc7 Ra8 51. Ka6 Kd5 52. Kb7
Rxa7+ 53. Kxa7 Kc4 54. Kb6 Kb3 55. Be5 h2 56. Bxh2 Kxb2 *

[Event "40. Open Ciudad de San Sebastián 2017"]
[Site "San Sebastián ESP"]
[Date "2017.04.09"]
[Round "2.10"]
[White "Srienz, Christian"]
[Black "Arana Garate, Jon"]
[Result "1-0"]
[WhiteElo "2196"]
[BlackElo "1920"]
[PlyCount "53"]
[EventDate "2017.04.08"]
[EventType "swiss"]
[EventRounds "9"]
[EventCountry "ESP"]
[SourceTitle "Ajedrez en Madrid"]
[Source "lmi"]
[SourceDate "2017.04.08"]

1. c4 e6 2. Nf3 Nf6 3. g3 d5 4. Bg2 Be7 5. O-O O-O 6. b3 c5 7. Bb2 d4 8. b4 Qb6
9. d3 Qxb4 10. Ba3 Qa5 11. Nxd4 cxd4 12. Bxe7 Re8 13. Bxf6 gxf6 14. e3 dxe3 15.
fxe3 Qe5 16. Qd2 Nc6 17. Nc3 a6 18. d4 Rd8 19. Ne4 Nxd4 20. exd4 Rxd4 21. Qf4
Qxf4 22. Rxf4 Kg7 23. Rg4+ Kh6 24. Nxf6 Rd2 25. Ng8+ Kh5 26. Bf3 Rd3 27. h4 1-0

[Event "40. Open Ciudad de San Sebastián 2017"]
[Site "San Sebastián ESP"]
[Date "2017.04.09"]
[Round "2.11"]
[White "Garcia-Castany Musellas, Gal.L"]
[Black "Martinez De Soria Gordon, Jose"]
[Result "*"]
[WhiteElo "2195"]
[BlackElo "1910"]
[PlyCount "67"]
[EventDate "2017.04.08"]
[EventType "swiss"]
[EventRounds "9"]
[EventCountry "ESP"]
[SourceTitle "Ajedrez en Madrid"]
[Source "lmi"]
[SourceDate "2017.04.08"]

1. e4 c6 2. Nc3 d5 3. Nf3 d4 4. Ne2 c5 5. Nf4 Nf6 6. Bb5+ Bd7 7. Qe2 Qa5 8. Bd3
Bc6 9. e5 Nd5 10. Nxd5 Bxd5 11. Be4 e6 12. Bxd5 exd5 13. e6 f6 14. b4 Qxb4 15.
Nh4 g6 16. Qf3 Be7 17. Qxd5 O-O 18. a3 Qb6 19. O-O Nc6 20. d3 Rad8 21. Qf3 Ne5
22. Qg3 Qxe6 23. f4 Nc6 24. f5 Qe2 25. fxg6 h5 26. Qf4 Rd7 27. Nf5 Bd8 28. g7
Rxg7 29. Nxg7 Kxg7 30. Qh6+ Kg8 31. Bf4 Ne5 32. Rae1 Qxe1 33. Rxe1 Ng4 34. Qg6+
*

[Event "40. Open Ciudad de San Sebastián 2017"]
[Site "San Sebastián ESP"]
[Date "2017.04.09"]
[Round "2.12"]
[White "Perez Pacheco, Ricardo"]
[Black "Berdote Alonso, Carlos"]
[Result "*"]
[WhiteElo "2192"]
[BlackElo "1883"]
[PlyCount "107"]
[EventDate "2017.04.08"]
[EventType "swiss"]
[EventRounds "9"]
[EventCountry "ESP"]
[SourceTitle "Ajedrez en Madrid"]
[Source "lmi"]
[SourceDate "2017.04.08"]

1. e4 e6 2. d4 d5 3. Nd2 c5 4. exd5 Qxd5 5. Ngf3 Nf6 6. Bc4 Qh5 7. O-O Be7 8.
dxc5 Qxc5 9. Qe2 O-O 10. Bd3 Nbd7 11. Nb3 Qh5 12. c3 b6 13. Nbd4 Nc5 14. Bb5
Bb7 15. Bf4 Rac8 16. Ne5 Qxe2 17. Bxe2 Nd5 18. Bg3 Ne4 19. Rad1 Nxg3 20. hxg3
Rfd8 21. a3 Bxa3 22. bxa3 Nxc3 23. Nef3 Nxd1 24. Bxd1 Bxf3 25. Nxf3 Rc1 26. Be2
Rxf1+ 27. Kxf1 Rc8 28. Ke1 Rc1+ 29. Bd1 b5 30. Nd4 a6 31. Kd2 Rc7 32. Bf3 Kf8
33. Nc6 f6 34. Kc3 a5 35. Kb3 b4 36. a4 e5 37. Nxa5 Ke7 38. Nc4 Ke6 39. Kxb4 f5
40. a5 e4 41. Bd1 g6 42. a6 Kd5 43. Bb3 Kc6 44. Ka5 Kc5 45. Ne3 Rd7 46. Bd5 Ra7
47. Bb7 h6 48. g4 f4 49. Nc2 e3 50. fxe3 fxe3 51. Nxe3 Kd4 52. Nd5 Kc5 53. Ne7
h5 54. g5 *